000 00362 a2200169 4500
001 175441
020 _a85-16-08483-7
040 _cMagnum
100 _aMurgel Branco, Samuel
240 1 0 _aEcologia da cidade
_lpor
245 1 0 _aEcologia da cidade
300 _a72
362 0 _a2013
440 1 _aModerna
697 _aEDUCAÇÃO AMBIENTAL
942 _cBK
999 _c175441
_d175441